|
|
|
|
| LEADER |
00856nam a22002532a 4500 |
| 001 |
000754464 |
| 003 |
CZ BrMZK |
| 005 |
20260303104712.0 |
| 007 |
ta |
| 008 |
041208s1934 xr er|||||||||||cze d |
| 015 |
|
|
|a cnb000321627
|
| 035 |
|
|
|a (OCoLC)85652403
|
| 040 |
|
|
|a BOA001
|b cze
|
| 041 |
1 |
|
|a cze
|h grc
|
| 100 |
1 |
|
|a Marcus Aurelius, Antoninus,
|c římský císař,
|d 121-180
|7 jn19981001808
|4 aut
|
| 245 |
1 |
0 |
|a Hovory k sobě samému /
|c Antonius Marcus Aurelius ; z řečtiny přeložil Rudolf Kuthan
|
| 260 |
|
|
|a Praha :
|b Společnost přátel antické kultury,
|c 1934
|
| 300 |
|
|
|a 222 s.
|
| 490 |
1 |
|
|a Museion. Sbírka překladů ;
|v sv. 8
|
| 700 |
1 |
|
|a Kuthan, Rudolf,
|d 1886-1966
|7 jk01071086
|4 trl
|
| 830 |
|
0 |
|a Museion. Sbírka překladů (Společnost přátel antické kultury)
|
| 910 |
|
|
|a BOA001
|b PK-II-0012.797
|
| 990 |
|
|
|a BK
|
| 991 |
|
|
|s SKRYTO odpis
|